Harry Potter Characters Quiz Stats

 Plays Quiz not verified by Sporcle

Challenge
Share
Tweet
Embed
Score 0/20 Timer 05:00
0 Plays Today
% Correct
Harry Potter
98.1%
Ron Weasley
90.7%
Hermione Granger
89.2%
Ginny Weasley
66.5%
Fred Weasley
61.7%
George Weasley
61%
Neville Longbottom
50.2%
Draco Malfoy
46.8%
Luna Lovegood
40.5%
Sirius Black
35.7%
% Correct
Remus Lupin
33.5%
Seamus Finnigan
32.3%
Vincent Crabbe
28.6%
Gregory Goyle
28.3%
Cedric Diggory
22.3%
Fleur Delacour
17.5%
Oliver Wood
15.6%
Peter Petigrew
14.9%
Lucius Malfoy
14.9%
Xenophilius Lovegood
4.8%

You're not logged in!

Compare scores with friends on all Sporcle quizzes.
Join for Free
OR
Log In

You Might Also Like...

Show Comments

Extras

Top Quizzes Today


Score Distribution

Your Account Isn't Verified!

In order to create a playlist on Sporcle, you need to verify the email address you used during registration. Go to your Sporcle Settings to finish the process.

Report this User

Report this user for behavior that violates our Community Guidelines.

Details: